Entrepreneuring : the ten commandments for building a growth company /

Bibliographic Details
Main Author: Brandt, Steven C.
Format: Book
Language:English
Published: Reading, Mass. : Addison-Wesley Pub. Co., [1982]
Subjects:

MARC

Tag First Indicator Second Indicator Subfields
LEADER 00000pam a2200000 a 4500
001 in00000090658
005 20151008065735.0
008 820121s1982 maua 00110 eng
010 |a  82001660  
020 |a 0201103826 
035 |a (OCoLC)08168788 
035 |9 AAK6495AM 
039 0 |a 2  |b 3  |c 3  |d 3  |e 3 
040 |a DLC  |c DLC  |d TXA  |d UtOrBLW 
049 |a TXAM  |c [1116965] 
050 0 0 |a HB615  |b  B7 1982 
082 0 |a 658.4/2  |2 19 
100 1 |a Brandt, Steven C. 
245 1 0 |a Entrepreneuring :  |b the ten commandments for building a growth company /  |c Steven C. Brandt. 
264 1 |a Reading, Mass. :  |b Addison-Wesley Pub. Co.,  |c [1982] 
264 4 |c ©1982 
300 |a xiii, 193 pages :  |b illustrations ;  |c 25 cm. 
336 |a text  |b txt  |2 rdacontent 
337 |a unmediated  |b n  |2 rdamedia 
338 |a volume  |b nc  |2 rdacarrier 
500 |a Includes index. 
650 0 |a Entrepreneurship. 
650 0 |a New business enterprises  |x Management. 
999 |a MARS 
999 f f |s d71cb3b9-fb8c-3bb7-84cb-32f4e268b4d8  |i 0b2025b6-4c48-36f7-9e8f-4aceb23ed9c5  |t 0 
952 f f |p ric  |a Texas A&M University  |b Rellis Campus  |c Joint Library Facility  |d Remote Storage  |t 0  |e HB615 B7 1982  |h Library of Congress classification  |i unmediated -- volume  |m A14806000877 
998 f f |a HB615 B7 1982  |t 0  |l Remote Storage